Zagadkowy Kraj 3# - Statystyki

Ogólne statystyki
  • Ten quiz został rozwiązany 41 razy
  • Średni wynik to 8 z 8
Statystyki odpowiedzi
% Poprawnych
. R
100%
. B
97%
. A
94%
. A
94%
. I
94%
. L
94%
. Y
94%
. Z
94%
Nie znaleziono quizów pasujących do podanych kryteriów
Rozkład punktacji
Procent ludzi z każdym wynikiem
Percentyl według liczby udzielonych odpowiedzi
Twoja historia wyników
Nie rozwiązałeś tego quizu